Parole "Le son de nos voix" - Kpop demon hunter - Statistiques

Statistiques générales
  • Ce quiz a été pris 184 fois
  • Le résultat moyen est 341 sur 462
Statistiques - réponses
Hint Réponse % Correct
à
96%
a
96%
A
96%
L'
96%
l'
96%
d'
94%
de
92%
S'
92%
voix
91%
J'
90%
j'
90%
le
90%
m'
90%
ai
88%
la
86%
La
86%
86%
N'
86%
n'
86%
est
84%
ma
84%
et
83%
je
83%
Je
83%
On
82%
on
82%
les
81%
nos
81%
ce
80%
se
80%
su
80%
dans
79%
Dans
79%
moi
79%
son
79%
des
78%
du
78%
78%
en
78%
que
78%
vie
77%
Mais
75%
mon
75%
Mon
75%
suis
75%
qui
74%
retrouvé
73%
démon
72%
effroi
72%
ment
72%
brisé
71%
Caché
71%
Ils
71%
Nous
71%
nous
71%
pas
71%
Pas
71%
rien
71%
bat
70%
Désormais
70%
désormais
70%
harmonie
70%
mes
70%
perdu
70%
pourquoi
70%
Pourquoi
70%
brouillard
69%
celle
69%
étais
69%
gagner
69%
J'ai
69%
menti
69%
paix
69%
peur
69%
Rumi Plus
68%
toute
68%
voulu
68%
âme
67%
beauté
67%
grandit
67%
illusoire
67%
tous
67%
enfin
66%
ont
66%
si
66%
trouve
66%
trouvé
66%
vois
66%
juste
65%
parmi
65%
sommes
65%
failli
64%
séparer
64%
toi
64%
déploie
63%
Marquée
63%
perdre
63%
aurais
62%
avancce
62%
cœur
62%
flammes
62%
font
62%
joies
62%
silence
62%
ensemble
61%
héroïnes
61%
rencontrer
61%
s'est
61%
Toujours
61%
doutes
60%
lumière
60%
permettre
60%
regards
60%
frapper
59%
monde
59%
partie
59%
devoir
58%
éclats
58%
tremble
58%
tu
58%
brûlait
57%
dissimuler
57%
épines
57%
un
56%
Choisi
55%
choisi
55%
quelque
55%
sous
55%
différence
54%
noir
54%
poids
54%
combat
53%
être
53%
manipulées
53%
te
53%
apprend
52%
dites-moi
52%
maudis
52%
vouloir
52%
voit
51%
lorsque
50%
près
50%
vies
50%
cette
49%
démons
49%
serais
49%
bataille
48%
soudées
48%
Ecrasée
46%
Sans
45%
appelles
44%
failles
44%
poursuit
44%
ajoutent
43%
briller
43%
brisent
43%
déçoit
43%
laissons
43%
nourrir
41%
Levons
39%
rêve
33%
déploies
30%
d'être
26%
elle
20%
guerrièresOn
17%
voilà
8%
touours
7%
peir
3%
Aucun quiz correspondant
Distribution des résultats
% des personnes avec chaque résultat
Percentile par nombre de réponses
Votre historique - résultats
Vous n’avez pas pris ce quiz